000 01702nam a2200265 a 4500
001 000012507
003 DO-SdBNP
005 20170928131114.0
007 000012507
008 091113s2006 dr 000 0 spa d
020 _z994516032X
040 _aBPMSU
_bspa
_cBPMSU
082 0 4 _aRD863.44
_bJ58mi, 2006
100 1 _aJesús Ulireio, Luis Felipe de,
_d1970-
245 1 3 _aEl misterio del espíritu del río :
_b(mitos, leyendas y la historia dominicana en una breve novela) /
_cLuis Felipe de Jesús Ulerio.
260 _aSanto Domingo :
_bBúho,
_c2006.
300 _a183 p. ;
_c22 cm.
505 0 _aEl naufragio -- Encuentro con el espíritu del río -- El bacá -- España en el siglo XV -- Lemba y Enriquillo -- La ciguapa -- La botija del difunto Antón -- El contrabando -- Las devastaciones de Osorio -- Los dos Santo Domingo -- La jupía -- El brujo -- El galipote -- Enrique, el galipote -- Mal de ojo -- Yo también estaba soñando -- La independencia haitiana -- Independencia efímera -- Juan Pablo Duarte -- La Trinitaria -- La Independencia Nacional -- La primera República -- La constitución de la República -- La anexión y la Restauración -- La segunda República -- Catalepsia -- Un pacto con el diablo -- Primera ocupación militar norteamericana -- Papá Liborio -- La dictadura de Trujillo -- Juan Bosch -- La masacre de Palma Sola -- Del Triunvirato a los doce años -- El misterio del espíritu del río -- El pacto con el espíritu del río.
650 4 _aNOVELA DOMINICANA
650 4 _aLITERATURA DOMINICANA
910 _aValidado. Control de calidad MFF
942 _2ddc
_cBK
945 _aInventariado /2017 VM
956 _aVMATEO
_b10
_c20110427
_lBPMSU
_h0069
999 _c7470
_d7470